2008 Triennial Surveillance Review : Overview Paper.

This triennial surveillance review (TSR) takes place in a time of change, with the Fund in the midst of a major refocusing effort. That surveillance has not been as effective as it should be has been amply documented, notably in previous surveillance reviews and several IEO evaluations. Since the 20...

Ful tanımlama

Detaylı Bibliyografya
Müşterek Yazar: International Monetary Fund
Materyal Türü: Dergi
Dil:English
Baskı/Yayın Bilgisi: Washington, D.C. : International Monetary Fund, 2008.
Seri Bilgileri:Policy Papers; Policy Paper ; No. 2008/005
Online Erişim:Full text available on IMF
LEADER 01851cas a2200241 a 4500
001 AALejournalIMF019813
008 230101c9999 xx r poo 0 0eng d
020 |c 5.00 USD 
020 |z 9781498334266 
022 |a 2663-3493 
040 |a BD-DhAAL  |c BD-DhAAL 
110 2 |a International Monetary Fund. 
245 1 0 |a 2008 Triennial Surveillance Review :   |b Overview Paper. 
264 1 |a Washington, D.C. :  |b International Monetary Fund,  |c 2008. 
300 |a 1 online resource (29 pages) 
490 1 |a Policy Papers 
500 |a <strong>Off-Campus Access:</strong> No User ID or Password Required 
500 |a <strong>On-Campus Access:</strong> No User ID or Password Required 
506 |a Electronic access restricted to authorized BRAC University faculty, staff and students 
520 3 |a This triennial surveillance review (TSR) takes place in a time of change, with the Fund in the midst of a major refocusing effort. That surveillance has not been as effective as it should be has been amply documented, notably in previous surveillance reviews and several IEO evaluations. Since the 2004 review of bilateral surveillance (BSR), considerable efforts have been made to enhance its effectiveness, including an overhaul of the policy framework with the adoption of a new Surveillance Decision in 2007. And as part of the refocusing effort, more change is underway to deliver on the Managing Director's vision of an institution making better use of its comparative advantage, to be 'more alert to emerging issues, more critical in its assessments (especially in good times), and more assertive in communicating its concerns.'. 
538 |a Mode of access: Internet 
830 0 |a Policy Papers; Policy Paper ;  |v No. 2008/005 
856 4 0 |z Full text available on IMF  |u http://elibrary.imf.org/view/journals/007/2008/005/007.2008.issue-005-en.xml  |z IMF e-Library